|
|
|
|
| LEADER |
00000cam a2200000 a 4500 |
| 001 |
vtls009977096 |
| 003 |
SK-MaSNL |
| 005 |
20260302081237.0 |
| 008 |
170706s2008 xr o e f 000 0 slo |
| 015 |
|
|
|a SNBZSA2016
|
| 020 |
|
|
|a 9788073606459 (brož.)
|
| 035 |
|
|
|a SE112340
|
| 035 |
|
|
|a urn:nbn:sk:snk-amlopj
|
| 035 |
|
|
|a urn:nbn:sk:snk-am00bvh7
|
| 035 |
|
|
|a 71415747-D50B-407C-8157-BF8DE64D944D
|
| 040 |
|
|
|a SNK
|b slo
|c SNK
|e AACR2
|
| 041 |
1 |
|
|a slo
|h cze
|
| 044 |
|
|
|a xr
|c CZ
|
| 072 |
|
7 |
|a 641
|x Kuchárstvo. Potraviny. Varené jedlá
|2 konspekt
|
| 080 |
|
|
|a 641.55/.56
|2 2001
|
| 080 |
|
|
|a 635.621
|2 2001
|
| 080 |
|
|
|a 087.6:641/642
|2 2001
|
| 080 |
|
|
|a (035)
|2 2001
|
| 245 |
0 |
0 |
|a Cukety
|b najlepšie recepty
|c [fotografie Eduard Karkan] ; [preklad z češtiny Soňa Hrudová]
|
| 260 |
|
|
|a Praha
|b Ottovo nakladatelství
|c 2008
|
| 300 |
|
|
|a 87 s.
|b fareb. fotogr.
|c 23 cm
|
| 490 |
1 |
|
|a Ottova kuchárka
|
| 650 |
0 |
7 |
|a cukety
|2 SNKPH
|9 78661
|
| 650 |
0 |
7 |
|a Zucchini
|2 SNKPHeng
|9 667656
|
| 655 |
|
7 |
|a kuchárske knihy
|2 SNKPH
|9 277264
|
| 655 |
|
7 |
|a Cookbooks
|2 SNKPHeng
|9 270340
|
| 655 |
|
7 |
|a Handbooks, manuals, etc
|2 SNKPHeng
|9 90964
|
| 655 |
|
7 |
|a príručky
|2 SNKPH
|9 74364
|
| 700 |
1 |
|
|a Hrudová, Soňa
|4 trl
|9 324151
|
| 700 |
1 |
|
|a Karkan, Eduard
|4 pht
|9 67052
|
| 830 |
|
0 |
|a Ottova kuchárka
|9 320038
|
| 919 |
|
|
|a 978-80-7360-645-9
|
| 958 |
|
|
|a CZ
|
| 958 |
|
|
|a ZS
|
| 958 |
|
|
|a OP
|
| 999 |
|
|
|c 1175721
|d 1177651
|
| 952 |
|
|
|a SNK
|b SNK
|y PREZ
|7 0
|p 17A1177773
|o snkSC 167868
|i snk2016/1511
|8 4
|g 3.70
|0 0
|1 0
|4 0
|d 2016-01-14
|f 1
|l 0
|r 2026-02-24 21:21:04
|w 2026-02-24
|